Don't Let Me Down - The Beatles full Lyrics - Statistics

General Stats
  • This quiz has been taken 34 times
  • The average score is 134 of 154
Answer Stats
Answer % Correct
do
100%
Don't
100%
don't
100%
(don't
100%
down,
100%
down.
100%
down),
100%
let
100%
me
100%
me,
100%
she
97%
She
97%
does,
93%
does.
93%
ever
93%
I
93%
like
93%
love
93%
no
90%
a
87%
Yes,
87%
And
83%
loved
83%
Nobody
83%
nobody
83%
Yeah,
73%
if
70%
in
70%
the
70%
time,
70%
time
70%
you
70%
done
67%
first
67%
for
67%
good.
67%
know
67%
I'm
63%
really
63%
that
63%
it's
60%
It's
60%
Ooh,
60%
gonna
57%
has
57%
last?
57%
somebody
57%
forever,
53%
lasts
43%
from
40%
guess
40%
past.
40%
Please
20%
hey!
13%
No matching quizzes found
Score Distribution
Percent of People with Each Score
Percentile by Number Answered
Your Score History
You have not taken this quiz